1291 1026 1130 1213 1082 1934 1095 1831 1943 1866 1416 1519 1977 1765 1585 1015 1379 1096 1584 1015 1108 1567 1746 1424 1980 1509 1016 1401 1846 1311 1822 1308 1369 1710 1713 1620 1675 1026 1584 1109 1740 1960 1646 1749 1526 1924 1387 1550 1635 1709 1986 1170 1516 1081 1647 1664 1810 1142 1985 1948 1951 1860 1102 1093 1669 1085 1131 1315 1453 1748 1588 1485 1036 1854 1518 1531 1673 1806 1800 1512 1702 1122 1855 1481 1835 1406 1642 1821 1519 1699 1475 1505 1620 1923 1210 1888 1032 1747 1449 BCNSPRNW ULIB Ver.6.0+V

เปลี่ยนเป็นภาษาไทย

Change to English
 แสดงรายละเอียดบรรณานุกรม
  กลับหน้าหลัก

Brief Record : Get Marc (ISO 2709) : E-mail record : QR code < ปิดหน้าต่าง
LEADER : 00000nam 2200000uu 4500
001    13399110202
003     ULIB
008    110425s2544||||th 000 0 tha d
020    9747598612
020    9789747598612
060 04 WL100^bพ543ก 2544
100 0  พัชรีวัลย์ เกตุแก่นจันทร์
245 10 การบริหารสมอง =^bBrain gym /^cพัชรีวัลย์ เกตุแก่นจันทร์
246 31 Brain gym
250    พิมพ์ครั้งที่ 1
260    กรุงเทพฯ :^bสถาบันพัฒนาคุณภาพวิชาการ,^c2544
300    56 หน้า :^bภาพประกอบ ;^c21 ซม.
650  7 ความคิด
650  7 ความจำ
650  7 ประสาท, ระบบ
650  7 ความเครียด
710 2  สถาบันพัฒนาคุณภาพวิชาการ (พว.)
945    ^p65^l0^i014650
945    ^p65^l0^i014648
945    ^p65^l0^i014649
995    ทศพร
999 ^a ใช้งานได้ทุกระบบ
รายการนี้ยังไม่มีแท็ก
คุณยังไม่ได้ล็อกอิน คุณสามารถมีกิจกรรมร่วมกับเว็บไซต์ได้ แต่ต้องล็อกอินก่อน ::
  ล็อกอิน

รายการสื่อสารสนเทศ

ลำดับที่ ประเภท เลขเรียก/บาร์โค้ด สถานที่ สถานะ
- ไม่พบข้อมูล -

รายการใกล้เคียง
    หัวเรื่อง [ความคิด]
    หัวเรื่อง [ความจำ]
    หัวเรื่อง [ประสาท, ระบบ]
    หัวเรื่อง [ความเครียด]

BibComment


ยังไม่เคยถูกคอมเมนท์

คอมเมนท์ทรัพยากรรายการนี้
  คอมเมนท์: การบริหารสมอง Br..


 Copyright 2026. Bcnsprnw @Library